Elementary particles.

Bibliographic Details
Main Author: Novozhilov, I͡U. V. (I͡Uriĭ Viktorovich)
Format: Book
Language:English
Published: Delhi : Hindustan Pub. Corp., 1961.
Series:Russian tracts on advanced mathematics and physics ; v. 12.
Subjects:

MARC

Tag First Indicator Second Indicator Subfields
LEADER 00000cam a2200000 4500
001 in00000307161
005 20151010143616.0
008 750728s1961 ii a 00000 eng
010 |a  62002367  
035 |a (OCoLC)01482485 
035 |9 ABH5581AM 
040 |c DZM  |d TXA  |d UtOrBLW 
049 |a TXAM  |c [368725] 
050 0 0 |a QC721  |b .N673 
082 0 |a 539.721 
100 1 |a Novozhilov, I͡U. V.  |q (I͡Uriĭ Viktorovich) 
245 1 0 |a Elementary particles. 
264 1 |a Delhi :  |b Hindustan Pub. Corp.,  |c 1961. 
300 |a 199 pages :  |b illustrations ;  |c 23 cm. 
336 |a text  |b txt  |2 rdacontent 
337 |a unmediated  |b n  |2 rdamedia 
338 |a volume  |b nc  |2 rdacarrier 
490 1 |a Russian tracts on advanced mathematics and physics ;  |v v. 12 
650 0 |a Particles (Nuclear physics) 
830 0 |a Russian tracts on advanced mathematics and physics ;  |v v. 12. 
999 |a MARS 
999 f f |s d8f84c46-de1e-3a70-b978-9ab7aaabeebc  |i a9d56bf4-35ec-367f-a2ec-77bc037817a2  |t 0 
952 f f |p normal  |a Texas A&M University  |b College Station  |c Sterling C. Evans Library  |d Evans: Library Stacks  |t 0  |e QC721 .N673  |h Library of Congress classification  |i unmediated -- volume  |m A14804644081 
998 f f |a QC721 .N673  |t 0  |l Evans: Library Stacks